THAT IS LAND THAT SUMMER (Record no. 37704)

MARC details
000 -LEADER
fixed length control field 00469nam a2200181Ia 4500
008 - FIXED-LENGTH DATA ELEMENTS--GENERAL INFORMATION
fixed length control field 090122s9999 xx 000 0 und d
082 ## - DEWEY DECIMAL CLASSIFICATION NUMBER
Item number 13627
Classification number 823
100 ## - MAIN ENTRY--PERSONAL NAME
Personal name THRONE
Numeration BELLE
245 ## - TITLE STATEMENT
Title THAT IS LAND THAT SUMMER
260 ## - PUBLICATION, DISTRIBUTION, ETC. (IMPRINT)
Name of publisher, distributor, etc SECOND CHANCE AT LOVE
Date of publication, distribution, etc 1982
300 ## - PHYSICAL DESCRIPTION
Extent 191
501 ## - WITH NOTE
With note 3550-10/10/2008 ROHIT BOOK CENTER
600 ## - SUBJECT ADDED ENTRY--PERSONAL NAME
Personal name THRONE
630 ## - SUBJECT ADDED ENTRY--UNIFORM TITLE
Uniform title THAT IS LAND THAT SUMMER
700 ## - ADDED ENTRY--PERSONAL NAME
Personal name THRONE
730 ## - ADDED ENTRY--UNIFORM TITLE
Uniform title THAT IS LAND THAT SUMMER
942 ## - ADDED ENTRY ELEMENTS (KOHA)
Koha item type Book
Holdings
Withdrawn status Lost status Damaged status Not for loan Home library Current library Date acquired Source of acquisition Cost, normal purchase price Total Checkouts Full call number Barcode Date last seen Copy number Cost, replacement price Price effective from Koha item type
        Dombivali Granthasangrahalaya, Dombivali Dombivali Granthasangrahalaya, Dombivali 01/22/2009 3550-10/10/2008 ROHIT BOOK CENTER 10.00   13627 DOM-13627 01/22/2009 1 10.00 01/22/2009 Book